000 00229nam a22000857a 4500
008 170603b xxu||||| |||| 00| 0 eng d
100 _93251
_aLowery. L
245 _aSpell of the winter wizard
260 _aU. K
_bT. S. R Publication
_c1983
999 _c6565
_d6565